Countries Weird Al Yankovic Has Visited - Statistics

General Stats
  • This quiz has been taken 26 times
  • The average score is 13 of 14
Answer Stats
Continent Country % Correct
Oceania Australia
100%
North America Canada
100%
Europe Germany
100%
North America United States of America
100%
Europe Denmark
96%
Europe France
96%
Europe United Kingdom
96%
Oceania New Zealand
91%
Europe Sweden
91%
Europe Belgium
87%
Europe Netherlands
87%
Europe Norway
87%
Europe Ireland
83%
Europe Austria
78%
No matching quizzes found
Score Distribution
Percent of People with Each Score
Percentile by Number Answered
Your Score History
You have not taken this quiz